=LDR 00000nam 2200000 4500 =001 INLIS000000000030588 =005 20200812013917 =035 ##$$a 0010-061300000030588 =008 200812################g##########0#ind## =041 ##$$a Ind =082 ##$$a 2x8.7 =090 ##$$a 2x8.7, Iqb i =100 1#$$a Iqbal, Sir Muhammad =245 1#$$a Islam dan Ahmadiyyah, : $b Jawaban terhadap petanyaa-pertanyaan pandit jawahar lal nehru /$c Sir Muhammad Iqbal =260 ##$$a Jakarta :$b Bumi Aksara,$c 1991 =300 ##$$a 67 hlm, ; $c 14 x 21 cm =650 #4$$a islam =850 ##$$a NBPNMAT =020 ##$$a 979-526-078-2 =084 ##$$a 2x8.7 IQB i =250 ##$$a cet.1 =990 ##$$a 80.378/Pro.95